Missing Word: Crypt-icly Clued Horror Films Quiz Stats

 Plays Quiz Updated Mar 2, 2016

Score 0/16 Timer 04:00
2 Plays Today
Horrorble Film Severed Word % Correct
The House that Dripped _____Blood
94.5%
Dr. Terror's _____ of HorrorsHouse
93.9%
Scream and Scream _____Again
90.6%
Horror of _____Dracula
85.5%
The _____Skull
81%
Nothing But the _____Night
78.7%
The Hound of the _____Baskervilles
77.3%
Horror _____Express
70.1%
Horrorble Film Severed Word % Correct
The _____Mummy
69.2%
_____ of the Burning DamnedIsland
68.9%
The _____ of FrankensteinCurse
58.6%
The House of Long _____Shadows
56.9%
The Creeping _____Flesh
56.7%
I, _____Monster
52%
The ___ Rites of DraculaSatanic
49.3%
The _____Gorgon
34.5%

Today's Daily Dose

You're not logged in!

Compare scores with friends on all Sporcle quizzes.
OR
Log In

Show Comments

Extras

Top Quizzes Today


Score Distribution

Your Account Isn't Verified!

In order to create a playlist on Sporcle, you need to verify the email address you used during registration. Go to your Sporcle Settings to finish the process.

Report this User

Report this user for behavior that violates our Community Guidelines.

Details: